[Event "XVI C.to Europeo"]
[Site "Gerusalemme ISR"]
[Date "2015.02.24"]
[Round "1"]
[White "Lahav, Michal"]
[Black "Dvirnyy, Danyyil"]
[WhiteElo "1886"]
[BlackElo "2533"]
[Result "0-1"]
[PlyCount "64"]
[EventDate "2015.02.24"]

1. e4 d6 2. d4 Nf6 3. Nc3 e5 4. Nf3 Nbd7 5. Be2 Be7 6. O-O O-O 7. Re1 c6 8. a4
b6 9. Bf1 a6 10. g3 Qc7 11. Nh4 g6 12. Kh1 Bb7 13. Bg2 b5 14. f4 exd4 15. Qxd4
c5 16. Qd1 b4 17. Nb1 d5 18. exd5 Nb6 19. c4 Nxc4 20. Qe2 Na5 21. Qxe7 Rae8 22.
Qxc7 Rxe1+ 23. Bf1 Nxd5 24. Qxb7 Nxb7 25. Nd2 Na5 26. Kg2 Rfe8 27. Bxa6 c4 28.
Kh3 c3 29. bxc3 bxc3 30. Ndf3 Rd1 31. Bb5 Re4 32. Ng5 Ree1 0-1

[Event "XVI C.to Europeo"]
[Site "Gerusalemme ISR"]
[Date "2015.02.24"]
[Round "1"]
[White "Rombaldoni, Axel"]
[Black "Gorodetzky, Matan"]
[WhiteElo "2488"]
[BlackElo "1733"]
[Result "1-0"]
[PlyCount "59"]
[EventDate "2015.02.24"]

1. d4 e6 2. c4 Nf6 3. Nf3 Bb4+ 4. Nbd2 d5 5. Qa4+ Nc6 6. a3 Bxd2+ 7. Bxd2 dxc4
8. Qxc4 Qd5 9. Rc1 Bd7 10. h3 O-O 11. Qxd5 exd5 12. Bf4 Rac8 13. e3 Nh5 14. Bh2
f5 15. Rc5 Nf6 16. Be2 h6 17. O-O Be6 18. Rfc1 Nd7 19. R5c2 g5 20. b4 g4 21.
hxg4 fxg4 22. Nh4 Nf6 23. b5 Nd8 24. Rxc7 Rxc7 25. Rxc7 Rf7 26. f3 Rxc7 27.
Bxc7 Nf7 28. Ng6 h5 29. Nf4 Bd7 30. Be5 1-0

[Event "XVI C.to Europeo"]
[Site "Gerusalemme ISR"]
[Date "2015.02.24"]
[Round "1"]
[White "Vocaturo, Daniele"]
[Black "Parkhov, Yair"]
[WhiteElo "2579"]
[BlackElo "1997"]
[Result "1-0"]
[PlyCount "51"]
[EventDate "2015.02.24"]

1. d4 e6 2. c4 Nf6 3. Nc3 Bb4 4. Qc2 d5 5. a3 Bxc3+ 6. Qxc3 Ne4 7. Qc2 c5 8.
dxc5 Nc6 9. cxd5 exd5 10. e3 Bf5 11. Bd3 Qa5+ 12. b4 Nxb4 13. axb4 Qxa1 14. Ne2
Bg6 15. O-O Nf6 16. Bb5+ Ke7 17. Qb3 Qe5 18. Bb2 Qf5 19. c6 a6 20. Nd4 Qc8 21.
cxb7 Qxb7 22. Bc6 Qb6 23. b5 Ne4 24. Qxd5 Rhd8 25. Qe5+ Kf8 26. Ne6+ 1-0

[Event "XVI C.to Europeo"]
[Site "Gerusalemme ISR"]
[Date "2015.02.25"]
[Round "2"]
[White "Codenotti, Marco"]
[Black "Nisipeanu, Liviu-Dieter"]
[WhiteElo "2374"]
[BlackElo "2654"]
[Result "1/2-1/2"]
[PlyCount "90"]
[EventDate "2015.02.24"]

1. e4 e5 2. Nf3 d6 3. d4 exd4 4. Nxd4 Nf6 5. Nc3 Be7 6. Bc4 O-O 7. O-O c6 8. a4
d5 9. exd5 cxd5 10. Bd3 Nc6 11. Nf5 Bb4 12. Bg5 Bxc3 13. bxc3 Bxf5 14. Bxf5 Qd6
15. Re1 h6 16. Bh4 Qf4 17. Bxf6 Qxf5 18. Bd4 Rfe8 19. Qd3 Qxd3 20. cxd3 Nxd4
21. cxd4 Rxe1+ 22. Rxe1 Rc8 23. Kf1 Kf8 24. Rb1 Rc7 25. Rb5 Rd7 26. a5 Ke7 27.
Ke2 Kd6 28. Kd2 h5 29. h4 Ke6 30. Ke3 Kf5 31. f3 f6 32. Rc5 Re7+ 33. Kd2 Rd7
34. Ke3 g6 35. Rc8 Rd6 36. Rc7 Re6+ 37. Kf2 Ra6 38. Rxb7 Rxa5 39. Rd7 Ra2+ 40.
Kg3 Ra5 41. Kf2 g5 42. hxg5 fxg5 43. g3 h4 44. gxh4 gxh4 45. Ke3 a6 1/2-1/2

[Event "XVI C.to Europeo"]
[Site "Gerusalemme ISR"]
[Date "2015.02.25"]
[Round "2"]
[White "Dvirnyy, Danyyil"]
[Black "Salgado Lopez, Ivan"]
[WhiteElo "2533"]
[BlackElo "2628"]
[Result "1/2-1/2"]
[PlyCount "50"]
[EventDate "2015.02.24"]

1. d4 Nf6 2. c4 g6 3. g3 c6 4. Bg2 d5 5. e3 dxc4 6. Nd2 b5 7. Ne2 Nd5 8. O-O a5
9. e4 Nb6 10. b3 cxb3 11. axb3 Bg7 12. Bb2 O-O 13. Qc2 Bd7 14. Rfc1 a4 15. d5
e5 16. dxe6 Bxe6 17. Bxg7 Kxg7 18. Qc3+ Kg8 19. Nd4 Bxb3 20. N2xb3 axb3 21.
Rxa8 Nxa8 22. e5 Nb6 23. Nxc6 Nxc6 24. Bxc6 Qe7 25. Qxb3 Qxe5 1/2-1/2

[Event "XVI C.to Europeo"]
[Site "Gerusalemme ISR"]
[Date "2015.02.25"]
[Round "2"]
[White "Erdos, Viktor"]
[Black "Rombaldoni, Axel"]
[WhiteElo "2615"]
[BlackElo "2488"]
[Result "1/2-1/2"]
[PlyCount "151"]
[EventDate "2015.02.24"]

1. c4 Nf6 2. Nf3 g6 3. Nc3 d5 4. cxd5 Nxd5 5. e4 Nxc3 6. bxc3 Bg7 7. d4 c5 8.
Bb5+ Nc6 9. O-O O-O 10. Be3 cxd4 11. cxd4 Bg4 12. Bxc6 bxc6 13. Rc1 Qa5 14. h3
Bxf3 15. Qxf3 Qxa2 16. Rxc6 a5 17. Rc7 Qe6 18. Rfc1 a4 19. R7c6 Qd7 20. Rc7 Qe6
21. R7c6 Qb3 22. R6c3 Qb4 23. Rc4 Qb5 24. Rc5 Qb2 25. R5c2 Qb3 26. Rc3 Qb4 27.
Rc4 Qb5 28. Rc5 Qb6 29. Rc6 Qb8 30. e5 a3 31. Qe2 e6 32. Qa2 Re8 33. Rb1 Qd8
34. Rc3 Bf8 35. Ra1 Ra4 36. Qc2 Qa8 37. Ra2 Ra6 38. Kh2 Rb8 39. Rc7 Qd5 40. Rc3
Ra7 41. Rd3 Ra6 42. Rc3 Ra7 43. Rd3 Raa8 44. Rc3 Rb5 45. Rd3 Rb6 46. Rc3 h5 47.
Rc7 Rab8 48. Ra7 Rc6 49. Qd2 Bb4 50. Qe2 Rc3 51. Ra1 Bf8 52. Qd2 Rcb3 53. Qc2
Rb2 54. Qa4 R2b4 55. Qc2 Rb2 56. Qa4 R2b4 57. Qc2 Rb3 58. Qd1 R8b7 59. Ra8 Rb8
60. Ra7 Qe4 61. Rc1 R3b7 62. Ra4 Rb1 63. Ra7 Rxc1 64. Qxc1 Ra8 65. Qc7 Rxa7 66.
Qxa7 Kg7 67. Bg5 h4 68. f3 Qb1 69. d5 Qf5 70. Bf6+ Kg8 71. d6 Qf4+ 72. Kh1 Qc1+
73. Kh2 Qf4+ 74. Kh1 Qc1+ 75. Kh2 Qf4+ 76. Kh1 1/2-1/2

[Event "XVI C.to Europeo"]
[Site "Gerusalemme ISR"]
[Date "2015.02.25"]
[Round "2"]
[White "Georgiev, Kiril D."]
[Black "Godena, Michele"]
[WhiteElo "2623"]
[BlackElo "2502"]
[Result "0-1"]
[PlyCount "90"]
[EventDate "2015.02.24"]

1. d4 d5 2. c4 dxc4 3. e3 Be6 4. Nc3 Nf6 5. Nf3 h6 6. Ne5 c5 7. Qa4+ Nbd7 8. d5
Nxd5 9. Bxc4 Nxc3 10. Bxe6 fxe6 11. bxc3 g5 12. Rb1 Bg7 13. Nxd7 Qxd7 14. Qxd7+
Kxd7 15. Rxb7+ Kc6 16. Rxe7 Bxc3+ 17. Ke2 Rhe8 18. Rh7 Rh8 19. Re7 Rhe8 20. Rh7
Rh8 21. Rxh8 Rxh8 22. h4 g4 23. h5 Rb8 24. Kd3 Bf6 25. Kc2 c4 26. Rd1 Rb5 27.
Ba3 Rxh5 28. Rd6+ Kc7 29. Rxe6 Rf5 30. f4 gxf3 31. gxf3 Rxf3 32. Kd1 Rf2 33.
Bb4 c3 34. Be7 Bg5 35. Bxg5 hxg5 36. Re4 Rxa2 37. Rc4+ Kd6 38. Rxc3 g4 39. Ke1
Kd5 40. Kf1 a5 41. Rc8 a4 42. Rd8+ Ke4 43. Rd4+ Kf3 44. Rf4+ Kg3 45. Rf5 a3 0-1

[Event "XVI C.to Europeo"]
[Site "Gerusalemme ISR"]
[Date "2015.02.25"]
[Round "2"]
[White "Riazantsev, Alexander"]
[Black "Vocaturo, Daniele"]
[WhiteElo "2688"]
[BlackElo "2579"]
[Result "0-1"]
[PlyCount "170"]
[EventDate "2015.02.24"]

1. d4 Nf6 2. Nf3 e6 3. c4 Bb4+ 4. Nbd2 O-O 5. a3 Be7 6. e4 d5 7. e5 Nfd7 8. Bd3
c5 9. Qc2 g6 10. cxd5 exd5 11. e6 fxe6 12. Bxg6 hxg6 13. Qxg6+ Kh8 14. Qh6+ Kg8
15. Qg6+ Kh8 16. Ne4 Qe8 17. Qh6+ Kg8 18. Nfg5 Bxg5 19. Qxg5+ Kh7 20. Qh6+ Kg8
21. Qg5+ Kh7 22. Qh6+ Kg8 23. a4 Qe7 24. Ra3 Rf7 25. Nd6 Rg7 26. Rg3 Qf6 27.
Rxg7+ Qxg7 28. Qxe6+ Kh7 29. Qh3+ Kg8 30. Qe6+ Kh7 31. O-O Nc6 32. Qh3+ Kg8 33.
Qe6+ Kh7 34. Qh3+ Kg8 35. Bh6 Qg6 36. Re1 Nb6 37. Nxc8 Nxc8 38. Bc1 N8e7 39.
dxc5 Rf8 40. b4 Nf5 41. Qb3 Qf7 42. b5 Ncd4 43. Qd3 Qc7 44. Be3 Re8 45. Rc1 Re4
46. c6 bxc6 47. bxc6 Nxe3 48. fxe3 Ne6 49. Qxd5 Rxe3 50. Rb1 Re5 51. Qc4 Qa5
52. Qg4+ Kf8 53. Rf1+ Ke7 54. Kh1 Kd6 55. h3 Qc5 56. Qf3 Qxc6 57. Rd1+ Rd5 58.
Re1 Qxa4 59. Qg3+ Kd7 60. Qg8 Re5 61. Rc1 Qd4 62. Qf7+ Kd6 63. Qb7 Rd5 64. Re1
Nc7 65. Rc1 Rc5 66. Rb1 Kd7 67. Rf1 Rc6 68. Qb3 Qc4 69. Qf3 Kc8 70. Rb1 Rb6 71.
Ra1 Kb8 72. Qe3 Qd5 73. Qa3 a6 74. Rc1 Kb7 75. Qe7 Rc6 76. Rb1+ Ka7 77. Qb4 Nb5
78. Re1 Kb6 79. Qf8 Kb7 80. Qe7+ Rc7 81. Qf6 Rh7 82. Re6 Rxh3+ 83. Kg1 Qc5+ 84.
Kf1 Rh1+ 85. Ke2 Nd4+ 0-1

[Event "XVI C.to Europeo"]
[Site "Gerusalemme ISR"]
[Date "2015.02.26"]
[Round "3"]
[White "Bukavshin, Ivan"]
[Black "Vocaturo, Daniele"]
[WhiteElo "2622"]
[BlackElo "2579"]
[Result "1/2-1/2"]
[PlyCount "89"]
[EventDate "2015.02.24"]

1. d4 Nf6 2. c4 g6 3. Nf3 Bg7 4. g3 O-O 5. Bg2 d6 6. Nc3 Nc6 7. O-O Bf5 8. Bg5
h6 9. Be3 Qd7 10. d5 Na5 11. b3 c5 12. Bd2 b6 13. Qc1 Kh7 14. Re1 Ne4 15. Nxe4
Bxe4 16. Bc3 Bxc3 17. Qxc3 e6 18. Ne5 dxe5 19. Bxe4 exd5 20. Bxd5 Rae8 21. Rad1
Qc7 22. Rd2 e4 23. Red1 Qe5 24. Qxe5 Rxe5 25. f3 exf3 26. Bxf3 Rfe8 27. Rd8
R8e7 28. R1d7 Kg7 29. Kf2 Kf6 30. h4 Rxd7 31. Rxd7 Re7 32. Rxe7 Kxe7 33. Bd5 f5
34. e4 Kf6 35. Kf3 Ke5 36. exf5 gxf5 37. g4 fxg4+ 38. Kxg4 b5 39. Kh5 bxc4 40.
bxc4 Kd4 41. Kxh6 Nxc4 42. Bf3 Ne5 43. Bd1 c4 44. h5 c3 45. Kg5 1/2-1/2

[Event "XVI C.to Europeo"]
[Site "Gerusalemme ISR"]
[Date "2015.02.26"]
[Round "3"]
[White "Demchenko, Anton"]
[Black "Godena, Michele"]
[WhiteElo "2615"]
[BlackElo "2502"]
[Result "1/2-1/2"]
[PlyCount "105"]
[EventDate "2015.02.24"]

1. Nf3 d5 2. g3 c6 3. Bg2 Bg4 4. O-O Nd7 5. d3 Ngf6 6. Nbd2 e5 7. e4 dxe4 8.
dxe4 Bc5 9. h3 Bh5 10. Qe1 Bxf3 11. Nxf3 a5 12. Nh4 O-O 13. Nf5 Re8 14. Bg5 h6
15. Bd2 Qb6 16. b3 Bf8 17. Qe2 Nc5 18. Rfe1 Rad8 19. Rad1 Ne6 20. c3 Kh7 21. h4
g6 22. Ne3 Qc7 23. Qf3 Bg7 24. Ng4 Nxg4 25. Qxg4 h5 26. Qe2 Bh6 27. Bxh6 Kxh6
28. Bh3 Kg7 29. a3 Rd6 30. Rxd6 Qxd6 31. b4 axb4 32. axb4 Rd8 33. Ra1 Nc7 34.
Bf1 Ne8 35. Qe3 Nf6 36. f3 Rd7 37. Be2 Qe6 38. Kg2 Qb3 39. Qc1 Qe6 40. Ra8 Qd6
41. Qe3 Rd8 42. Ra7 Qc7 43. Kf2 Nd7 44. Ba6 Rb8 45. Bc4 Nb6 46. Bb3 Ra8 47.
Rxa8 Nxa8 48. f4 exf4 49. gxf4 Qe7 50. Kg3 Nc7 51. Qd4+ Kg8 52. e5 Ne8 53. Kh3
1/2-1/2

[Event "XVI C.to Europeo"]
[Site "Gerusalemme ISR"]
[Date "2015.02.26"]
[Round "3"]
[White "Kuzubov, Yuriy"]
[Black "Codenotti, Marco"]
[WhiteElo "2667"]
[BlackElo "2374"]
[Result "1-0"]
[PlyCount "67"]
[EventDate "2015.02.24"]

1. c4 g6 2. d4 Nf6 3. Nc3 d5 4. Bg5 Bg7 5. Bxf6 Bxf6 6. cxd5 c5 7. dxc5 Nd7 8.
Nf3 Nxc5 9. e3 O-O 10. Nd4 Qa5 11. Bb5 a6 12. Be2 Ne4 13. Bf3 Nxc3 14. Qd2 Bxd4
15. exd4 Bd7 16. Qxc3 Qb5 17. Qc5 Rac8 18. Qxb5 Bxb5 19. Kd2 Rc4 20. Ke3 Rfc8
21. Rhd1 Rc2 22. Rd2 Rxd2 23. Kxd2 Rc4 24. b3 Rxd4+ 25. Kc3 Rf4 26. Rd1 a5 27.
d6 exd6 28. Rxd6 Kg7 29. Bxb7 Rxf2 30. Rd5 Rf5 31. Rxf5 gxf5 32. a4 Be2 33. b4
axb4+ 34. Kxb4 1-0

[Event "XVI C.to Europeo"]
[Site "Gerusalemme ISR"]
[Date "2015.02.26"]
[Round "3"]
[White "Popov, Ivan"]
[Black "Dvirnyy, Danyyil"]
[WhiteElo "2639"]
[BlackElo "2533"]
[Result "1-0"]
[PlyCount "133"]
[EventDate "2015.02.24"]

1. e4 e5 2. Nf3 Nc6 3. d4 exd4 4. Nxd4 Bc5 5. Nb3 Bb6 6. Nc3 d6 7. Qe2 Nf6 8.
Be3 Be6 9. O-O-O Qe7 10. g3 O-O-O 11. Bg2 Kb8 12. Bxb6 axb6 13. Nd4 Nxd4 14.
Rxd4 h5 15. h4 Rhe8 16. Rhd1 Bg4 17. f3 Bd7 18. Qd2 g6 19. f4 Bc6 20. b4 Rc8
21. Kb2 Bd7 22. Qd3 Ng4 23. Rd2 f5 24. e5 Bc6 25. exd6 cxd6 26. Bxc6 Rxc6 27.
Nb5 Qe3 28. Rxd6 Qxd3 29. R2xd3 Ne3 30. Kb3 Nf1 31. Rd8+ Rxd8 32. Rxd8+ Rc8 33.
Rd3 Re8 34. c3 Rg8 35. a4 Kc8 36. c4 Rd8 37. Na7+ Kc7 38. Nb5+ Kc8 39. Nd6+ Kc7
40. c5 bxc5 41. bxc5 Kc6 42. Kb4 Rd7 43. a5 Re7 44. Nc4 Re4 45. Rd6+ Kc7 46.
Kb5 Nxg3 47. Rxg6 Ne2 48. Rg7+ Kd8 49. Nd6 Nc3+ 50. Kb6 Rb4+ 51. Ka7 Nb5+ 52.
Nxb5 Rxb5 53. Rxb7 Rxa5+ 54. Kb6 Ra4 55. Rh7 Rxf4 56. Rxh5 Ke7 57. c6 Rb4+ 58.
Kc5 Rb1 59. Rxf5 Kd8 60. Rf8+ Kc7 61. Rf7+ Kc8 62. Rh7 Rh1 63. h5 Rh2 64. h6
Rh1 65. Kd4 Kd8 66. Rh8+ Kc7 67. h7 1-0

[Event "XVI C.to Europeo"]
[Site "Gerusalemme ISR"]
[Date "2015.02.26"]
[Round "3"]
[White "Rombaldoni, Axel"]
[Black "Swiercz, Dariusz"]
[WhiteElo "2488"]
[BlackElo "2617"]
[Result "1-0"]
[PlyCount "79"]
[EventDate "2015.02.24"]

1. d4 Nf6 2. Bg5 d5 3. e3 c5 4. Nc3 Nc6 5. Nf3 cxd4 6. exd4 Bg4 7. Be2 e6 8.
O-O Be7 9. Be3 O-O 10. h3 Bh5 11. g4 Bg6 12. Ne5 Nd7 13. Nxg6 hxg6 14. f4 Qb6
15. Na4 Qa5 16. Nc3 Ba3 17. Qb1 Bb4 18. Nd1 Bd2 19. c3 Bxe3+ 20. Nxe3 f5 21. g5
Qc7 22. h4 Nb6 23. Kg2 Nc8 24. h5 N6e7 25. Qe1 gxh5 26. Bxh5 g6 27. Ng4 fxg4
28. Qxe6+ Kg7 29. f5 gxf5 30. Qh6+ Kg8 31. Qe6+ Kg7 32. Qh6+ Kg8 33. g6 Nc6 34.
g7 Qxg7 35. Qe6+ Rf7 36. Rxf5 Nd6 37. Bxf7+ Nxf7 38. Rf6 Qh7 39. Rg6+ Kf8 40.
Rh1 1-0

[Event "XVI C.to Europeo"]
[Site "Gerusalemme ISR"]
[Date "2015.02.27"]
[Round "4"]
[White "Codenotti, Marco"]
[Black "Pogosian, Vladimir"]
[WhiteElo "2374"]
[BlackElo "2124"]
[Result "1-0"]
[PlyCount "75"]
[EventDate "2015.02.24"]

1. e4 d6 2. d4 Nf6 3. Nc3 g6 4. Nf3 Bg7 5. Be2 O-O 6. O-O Bg4 7. h3 Bd7 8. Be3
Nc6 9. d5 Nb8 10. Qd2 c5 11. e5 dxe5 12. Bxc5 Ne8 13. Qe3 b6 14. Ba3 f6 15. Ne4
f5 16. Neg5 h6 17. Nxe5 f4 18. Qb3 hxg5 19. Bxe7 Ba4 20. Qa3 Qc7 21. Nxg6 Qxc2
22. Bd3 Bxb2 23. Bxc2 Bxa3 24. Bxa3 Bxc2 25. Nxf8 Na6 26. Rac1 Bf5 27. Ne6 f3
28. Nxg5 fxg2 29. Kxg2 Nf6 30. Rfe1 Kg7 31. Bb2 Kg6 32. Bxf6 Kxf6 33. Ne4+ Kg6
34. Rc6+ Kg7 35. Ng3 Bd3 36. Nh5+ Kf8 37. Rf6+ Kg8 38. Re7 1-0

[Event "XVI C.to Europeo"]
[Site "Gerusalemme ISR"]
[Date "2015.02.27"]
[Round "4"]
[White "Dvirnyy, Danyyil"]
[Black "Aharon, Ofir"]
[WhiteElo "2533"]
[BlackElo "2311"]
[Result "1/2-1/2"]
[PlyCount "123"]
[EventDate "2015.02.24"]

1. e4 c5 2. Nf3 g6 3. d4 cxd4 4. Nxd4 Nc6 5. c4 Nf6 6. Nc3 d6 7. Be2 Nxd4 8.
Qxd4 Bg7 9. Be3 O-O 10. Qd2 a5 11. O-O a4 12. Bd4 Qa5 13. Rad1 Bd7 14. Qe3 Bc6
15. Nd5 Bxd5 16. exd5 Rfe8 17. Qa3 Ne4 18. Be3 Nc5 19. Rd2 Rec8 20. Rb1 Qd8 21.
Bf1 h5 22. Re1 Qf8 23. h4 Bf6 24. Bg5 Qg7 25. Bxf6 Qxf6 26. g3 Nd7 27. Re4 Ne5
28. Be2 Nd7 29. Kg2 Nc5 30. Re3 Re8 31. Rf3 Qe5 32. Re3 Qf5 33. Rd4 Qf6 34. Rf4
Qg7 35. g4 Qh6 36. Ref3 hxg4 37. Rxg4 e5 38. Rf5 Kf8 39. Rfg5 Ke7 40. Qe3 Qh8
41. Kf1 Kd7 42. h5 gxh5 43. Rh4 e4 44. Bxh5 Qxb2 45. Bxf7 Rh8 46. Bh5 Kc7 47.
Qg3 Ra6 48. Rf4 Qxa2 49. Rf7+ Kb8 50. Rg8+ Rxg8 51. Qxg8+ Ka7 52. Rf8 Qxc4+ 53.
Be2 Nd3 54. Rc8 Qd4 55. Qf8 Qa1+ 56. Kg2 Qe5 57. Qd8 Qg7+ 58. Kf1 Qa1+ 59. Kg2
Qg7+ 60. Kh2 Qh6+ 61. Kg1 Qg7+ 62. Kf1 1/2-1/2

[Event "XVI C.to Europeo"]
[Site "Gerusalemme ISR"]
[Date "2015.02.27"]
[Round "4"]
[White "Godena, Michele"]
[Black "Salgado Lopez, Ivan"]
[WhiteElo "2502"]
[BlackElo "2628"]
[Result "1/2-1/2"]
[PlyCount "73"]
[EventDate "2015.02.24"]

1. e4 c5 2. c3 d5 3. exd5 Qxd5 4. d4 Nf6 5. Nf3 e6 6. Na3 Nbd7 7. Be2 a6 8. Nc2
cxd4 9. Qxd4 Qxd4 10. Nfxd4 e5 11. Nb3 b6 12. Bf3 e4 13. Be2 Bb7 14. Bg5 h6 15.
Bh4 Nd5 16. Bg3 g5 17. h4 Rg8 18. hxg5 hxg5 19. Ne3 Nf4 20. Rd1 Ne5 21. Bxf4
gxf4 22. Nd5 Rxg2 23. Nxf4 Rg5 24. Kf1 Bg7 25. Rh5 Rxh5 26. Nxh5 Bh8 27. Rd6
Nc6 28. Rh6 O-O-O 29. Ng3 Kc7 30. Nxe4 Ne5 31. Nd6 Rxd6 32. Rxh8 b5 33. Nd4 Nc6
34. Rf8 Nxd4 35. Rxf7+ Kb6 36. cxd4 Bd5 37. Rf4 1/2-1/2

[Event "XVI C.to Europeo"]
[Site "Gerusalemme ISR"]
[Date "2015.02.27"]
[Round "4"]
[White "Van Kampen, Robin"]
[Black "Rombaldoni, Axel"]
[WhiteElo "2626"]
[BlackElo "2488"]
[Result "1/2-1/2"]
[PlyCount "105"]
[EventDate "2015.02.24"]

1. e4 c5 2. Nf3 e6 3. d4 cxd4 4. Nxd4 a6 5. Bd3 Bc5 6. Nb3 Ba7 7. O-O Nc6 8.
Qg4 Nf6 9. Qxg7 Rg8 10. Qh6 Ne5 11. Be2 d5 12. Nc3 dxe4 13. Be3 Rg6 14. Qh4 Bd7
15. Rad1 Bxe3 16. fxe3 Qe7 17. Qf4 Nf3+ 18. Bxf3 exf3 19. Qxf3 Bc6 20. e4 b5
21. Na5 Qc5+ 22. Qf2 Qxf2+ 23. Rxf2 b4 24. Nxc6 bxc3 25. Ne5 Rg5 26. Rxf6 Rxe5
27. bxc3 Rxe4 28. Rh6 Rc8 29. Rxh7 Rxc3 30. Rf1 Rxc2 31. Rhxf7 Rxa2 32. Rg7 Rd2
33. Rb1 Red4 34. Ra7 Rd1+ 35. Rxd1 Rxd1+ 36. Kf2 Rd2+ 37. Kf3 Rd3+ 38. Ke2 Ra3
39. h4 Kf8 40. Kf2 e5 41. g4 e4 42. h5 Rf3+ 43. Ke2 Rg3 44. h6 Kg8 45. Rg7+ Kh8
46. Kf2 Rh3 47. g5 e3+ 48. Ke2 Rg3 49. g6 a5 50. Rh7+ Kg8 51. Rg7+ Kh8 52. Rh7+
Kg8 53. Rg7+ 1/2-1/2

[Event "XVI C.to Europeo"]
[Site "Gerusalemme ISR"]
[Date "2015.02.27"]
[Round "4"]
[White "Vocaturo, Daniele"]
[Black "Popov, Ivan"]
[WhiteElo "2579"]
[BlackElo "2639"]
[Result "1/2-1/2"]
[PlyCount "115"]
[EventDate "2015.02.24"]

1. d4 d5 2. c4 c6 3. Nf3 Nf6 4. Nc3 dxc4 5. a4 Bf5 6. Ne5 Nbd7 7. Nxc4 Nd5 8.
g3 Nb4 9. e4 Bg4 10. Be2 Bxe2 11. Qxe2 e6 12. O-O Be7 13. d5 exd5 14. exd5 O-O
15. dxc6 Nxc6 16. Rd1 Re8 17. Be3 Bf6 18. Qg4 Nce5 19. Nxe5 Nxe5 20. Rxd8 Nxg4
21. Rxe8+ Rxe8 22. Bxa7 h5 23. h3 Ne5 24. Nd5 Nf3+ 25. Kg2 Bxb2 26. Rb1 Ne1+
27. Kf1 Nd3 28. Nf4 Nxf4 29. Rxb2 Nd3 30. Rxb7 Re1+ 31. Kg2 Ra1 32. Rb8+ Kh7
33. Rb5 Rxa4 34. Be3 g6 35. Kf1 Rc4 36. Rd5 Nb4 37. Rd7 Kg8 38. Rd8+ Kh7 39.
Bd4 g5 40. Rd7 Kg6 41. Rd6+ Kh7 42. Be3 f6 43. Rxf6 Nd5 44. Rf5 Nxe3+ 45. fxe3
Kg6 46. Rf2 g4 47. hxg4 Rxg4 48. Rf8 Kg7 49. Rf3 h4 50. gxh4 Rxh4 51. Ke2 Ra4
52. Kd3 Ra3+ 53. Ke4 Kg6 54. Rf8 Kg7 55. Rf5 Kg6 56. Rf8 Kg7 57. Rf1 Kg6 58.
Rf8 1/2-1/2

[Event "XVI C.to Europeo"]
[Site "Gerusalemme ISR"]
[Date "2015.03.01"]
[Round "5"]
[White "Godena, Michele"]
[Black "Ivanisevic, Ivan"]
[WhiteElo "2502"]
[BlackElo "2638"]
[Result "1/2-1/2"]
[PlyCount "49"]
[EventDate "2015.02.24"]

1. e4 d6 2. d4 Nf6 3. Nc3 e5 4. Nf3 Nbd7 5. Bc4 exd4 6. Qxd4 Be7 7. O-O O-O 8.
Bf4 Nb6 9. Be2 Bg4 10. a4 a5 11. Rad1 Nfd7 12. b3 Bf6 13. Qe3 Re8 14. Nd4 Bxe2
15. Ndxe2 Nc5 16. f3 Nbd7 17. Qd2 Be5 18. Nb5 Qb8 19. Ng3 g6 20. Be3 b6 21.
Rfe1 Qb7 22. Bf2 Ne6 23. Nf1 Bg7 24. Ne3 Ndc5 25. Kh1 1/2-1/2

[Event "XVI C.to Europeo"]
[Site "Gerusalemme ISR"]
[Date "2015.03.01"]
[Round "5"]
[White "Nabaty, Tamir"]
[Black "Codenotti, Marco"]
[WhiteElo "2585"]
[BlackElo "2374"]
[Result "1-0"]
[PlyCount "49"]
[EventDate "2015.02.24"]

1. d4 d5 2. Nc3 Nf6 3. Bf4 Bf5 4. f3 e6 5. g4 Bg6 6. h4 h5 7. g5 Nfd7 8. e3 c5
9. Nb5 Na6 10. c3 Be7 11. Bd3 Bxd3 12. Qxd3 g6 13. Ne2 Qb6 14. a4 O-O 15. Bg3
Rfe8 16. O-O cxd4 17. exd4 e5 18. Bf2 exd4 19. Nf4 Ne5 20. Qe2 Nc6 21. Qc2 Qd8
22. Nxg6 fxg6 23. Qxg6+ Kf8 24. Qh6+ Kf7 25. Qh7+ 1-0

[Event "XVI C.to Europeo"]
[Site "Gerusalemme ISR"]
[Date "2015.03.01"]
[Round "5"]
[White "Volokitin, Andrei"]
[Black "Vocaturo, Daniele"]
[WhiteElo "2646"]
[BlackElo "2579"]
[Result "1-0"]
[PlyCount "76"]
[EventDate "2015.02.24"]

1. e4 e5 2. Nf3 Nc6 3. Bb5 Nf6 4. O-O Nxe4 5. d4 Nd6 6. Bxc6 dxc6 7. dxe5 Nf5
8. Qxd8+ Kxd8 9. Rd1+ Ke8 10. Nc3 Ne7 11. h3 Ng6 12. b3 Be7 13. Bb2 Bf5 14. Nd4
Bd7 15. Re1 Rd8 16. e6 Bc8 17. Nf5 Bf6 18. Na4 Bxb2 19. Nxb2 Rd5 20. exf7+ Kxf7
21. Ne3 Re5 22. Nd3 Re7 23. f3 h5 24. g4 b6 25. Ng2 c5 26. Rxe7+ Nxe7 27. Ngf4
g6 28. Re1 Nc6 29. Nd5 hxg4 30. hxg4 Ba6 31. N3f4 Bb7 32. Re6 g5 33. Rf6+ Ke8
34. Ng6 Rg8 35. Rxc6 Bxc6 36. Nf6+ Kf7 37. Nxg8 Ke6 38. Kf2 Kd5 1-0

[Event "XVI C.to Europeo"]
[Site "Gerusalemme ISR"]
[Date "2015.03.01"]
[Round "5"]
[White "Zanan, Evgeny"]
[Black "Dvirnyy, Danyyil"]
[WhiteElo "2327"]
[BlackElo "2533"]
[Result "1/2-1/2"]
[PlyCount "59"]
[EventDate "2015.02.24"]

1. d4 d5 2. c4 dxc4 3. e3 Nf6 4. Bxc4 a6 5. Nf3 e6 6. O-O c5 7. dxc5 Qxd1 8.
Rxd1 Bxc5 9. Nbd2 O-O 10. Be2 Rd8 11. Ne5 Be7 12. Ndc4 Rxd1+ 13. Bxd1 Nfd7 14.
Bf3 Ra7 15. Nxd7 Nxd7 16. Bd2 b6 17. Bc3 Bb7 18. Bxb7 Rxb7 19. Bd4 f6 20. e4 b5
21. Na5 Rc7 22. Nb3 e5 23. Be3 Rc2 24. Rd1 Nf8 25. Rd2 Rc7 26. Rd1 Rc2 27. Rd2
Rc6 28. Rd1 Rc2 29. Rd2 Rc7 30. Rd1 1/2-1/2

[Event "XVI C.to Europeo"]
[Site "Gerusalemme ISR"]
[Date "2015.03.02"]
[Round "6"]
[White "Codenotti, Marco"]
[Black "Chubar, Vladimir"]
[WhiteElo "2374"]
[BlackElo "2066"]
[Result "1-0"]
[PlyCount "55"]
[EventDate "2015.02.24"]

1. e4 e6 2. d4 d5 3. Nd2 dxe4 4. Nxe4 Bd7 5. Nf3 Bc6 6. Ned2 Bxf3 7. Nxf3 Nd7
8. Bc4 Ngf6 9. O-O Be7 10. Qe2 O-O 11. Re1 Re8 12. Bf4 Nf8 13. Rad1 c6 14. Ne5
Qb6 15. Bb3 Rad8 16. c3 Nd5 17. Bg3 Bd6 18. Nc4 Qc7 19. Nxd6 Rxd6 20. c4 e5 21.
cxd5 Rdd8 22. Bxe5 Qa5 23. dxc6 bxc6 24. Qf3 Re7 25. Re3 Ne6 26. Qg4 g6 27. Qh4
g5 28. Qh6 1-0

[Event "XVI C.to Europeo"]
[Site "Gerusalemme ISR"]
[Date "2015.03.02"]
[Round "6"]
[White "Dvirnyy, Danyyil"]
[Black "Slavin, Alexey"]
[WhiteElo "2533"]
[BlackElo "2391"]
[Result "1-0"]
[PlyCount "59"]
[EventDate "2015.02.24"]

1. d4 Nf6 2. c4 e6 3. Nc3 Bb4 4. f3 c5 5. d5 d6 6. e4 e5 7. Bd3 Nh5 8. Nge2
Qh4+ 9. g3 Bxc3+ 10. Kf2 Be1+ 11. Qxe1 Qh3 12. Be3 O-O 13. Qd2 g6 14. g4 Bxg4
15. fxg4 Nf6 16. Ng3 Nxg4+ 17. Kg1 f6 18. Rf1 Nd7 19. Rf3 Rf7 20. Bf1 Qh4 21.
Nf5 gxf5 22. Rh3 Nxh2 23. Kxh2 Qxe4 24. Bd3 Qg4 25. Rg1 Rg7 26. Rxg4 fxg4 27.
Rh5 g3+ 28. Kg2 Kf7 29. Bf5 Nf8 30. Bh6 1-0

[Event "XVI C.to Europeo"]
[Site "Gerusalemme ISR"]
[Date "2015.03.02"]
[Round "6"]
[White "Khairullin, Ildar"]
[Black "Godena, Michele"]
[WhiteElo "2629"]
[BlackElo "2502"]
[Result "1-0"]
[PlyCount "91"]
[EventDate "2015.02.24"]

1. c4 e6 2. d4 d5 3. Nc3 c6 4. e3 Nf6 5. Nf3 a6 6. Qc2 dxc4 7. Bxc4 c5 8. dxc5
Bxc5 9. O-O Nbd7 10. e4 Qc7 11. Qe2 Bd6 12. Bb3 O-O 13. Bg5 Ng4 14. h3 Nh2 15.
Rfd1 Nxf3+ 16. Qxf3 h6 17. Be3 Ne5 18. Qh5 Ng6 19. Rac1 Qe7 20. Na4 Bd7 21. Nc5
Bc8 22. Nd3 Qf6 23. g3 e5 24. Nc5 Bxc5 25. Bxc5 Re8 26. Rc3 Be6 27. Rf3 Qg5 28.
Qxg5 hxg5 29. Bxe6 Rxe6 30. Rd7 b6 31. Ba3 Nh8 32. Rc3 a5 33. Rcc7 b5 34. Bc5
Kh7 35. a3 Ree8 36. Rd5 b4 37. axb4 axb4 38. Bxb4 Ra4 39. Rb7 Kg6 40. b3 Ra1+
41. Kg2 Re6 42. Bc5 Re1 43. Be3 Kf6 44. b4 Ng6 45. b5 Rb1 46. Bc5 1-0